| 000 | 00731nam a2200229Ia 4500 | ||
|---|---|---|---|
| 999 |
_c49899 _d49899 |
||
| 001 | 16835 | ||
| 003 | GE_BSU | ||
| 005 | 20200203111458.0 | ||
| 008 | 181216s||||||||xx |||||||||||||| ||und|| | ||
| 020 | _a978 0470190609 | ||
| 040 | _cGE_BSU | ||
| 080 | _a005.32 S-31 | ||
| 100 |
_aSchein, Edgar H. _96677 |
||
| 245 |
_aOrganizational culture and leadership / _cEdgar H. Schein |
||
| 250 | _a4th ed. | ||
| 260 | _aSan Francisco | ||
| 260 |
_cSan Francisco : _aJossey-Bass, _b2010. |
||
| 300 |
_axvi, 436 p, _b ill, _c 24 cm. |
||
| 653 | _aCorporate culture. Culture. Leadership. | ||
| 653 | _aორგანიზაციული რეჟიმი.მართვის ფსიქოლოგია | ||
| 942 |
_cBK _2udc |
||